00526nam a2200169Ia 450000500170000000800410001708200130005810000190007124500200009026000630011030000130017350000330018665000170021994200060023695200990024299900150034120250319021035.0240331s9999 xx 000 0 und d bNAZa894 aNazeerudeen, s 0aNachchu valayam aSainthamaruthubSainthamaruthu Kalai Ilakkiya Veddamc2004 a134 p ., aA novel based Muslim peoples aXvi, 134 p., cL 001040708LaWERCLbWERCLcSSCd2024-03-31l0o 894.811 NAZp5923r2024-03-31w2024-03-31yL c3876d3876